Estimating, Costing and Valuation (Record no. 6520)

MARC details
000 -LEADER
fixed length control field 00299nam a2200121Ia 4500
008 - FIXED-LENGTH DATA ELEMENTS--GENERAL INFORMATION
fixed length control field 191201s2015 xx 000 0 und d
100 ## - MAIN ENTRY--PERSONAL NAME
Personal name RANGWLAL, S.C.
245 #0 - TITLE STATEMENT
Title Estimating, Costing and Valuation
260 ## - PUBLICATION, DISTRIBUTION, ETC. (IMPRINT)
Place of publication, distribution, etc N. Delhi
Name of publisher, distributor, etc Charotar
Date of publication, distribution, etc 2015
300 ## - PHYSICAL DESCRIPTION
Extent 895
650 ## - SUBJECT ADDED ENTRY--TOPICAL TERM
Topical term or geographic name as entry element B.Tech(CE)
942 ## - ADDED ENTRY ELEMENTS (KOHA)
Source of classification or shelving scheme Dewey Decimal Classification
Koha item type Text Books
Holdings
Withdrawn status Lost status Source of classification or shelving scheme Damaged status Not for loan Collection code Home library Current library Date acquired Source of acquisition Cost, normal purchase price Bill Number Total Checkouts Full call number Acc. no. / Barcode Date last seen Date last borrowed Actual Cost, discounted price Bill Date Koha item type
    Dewey Decimal Classification     B.Tech(CE) PIET C-LIBRARY PIET C-LIBRARY 22/03/2016 Charotar Publication 400.00 IN3922 1 624.068 RAE 28260 19/06/2023 14/06/2023 288.00 21/03/2016 Text Books
    Dewey Decimal Classification     B.Tech(CE) PIET C-LIBRARY PIET C-LIBRARY 22/03/2016 Charotar Publication 400.00 IN3922   624.068 RAE 28261 04/12/2019   288.00 21/03/2016 Text Books
    Dewey Decimal Classification     B.Tech(CE) PIET C-LIBRARY PIET C-LIBRARY 22/03/2016 Charotar Publication 400.00 IN3922   624.068 RAE 28262 04/12/2019   288.00 21/03/2016 Text Books
    Dewey Decimal Classification     B.Tech(CE) PIET C-LIBRARY PIET C-LIBRARY 22/03/2016 Charotar Publication 400.00 IN3922   624.068 RAE 28263 04/12/2019   288.00 21/03/2016 Text Books
    Dewey Decimal Classification     B.Tech(CE) PIET C-LIBRARY PIET C-LIBRARY 22/03/2016 Charotar Publication 400.00 IN3922 1 624.068 RAE 28264 22/02/2021 12/02/2021 288.00 21/03/2016 Text Books

Design & Developed by: PIET Central Library
R70 Miles Stone Pattikalyana Samalkha Panipat 132102
mail ID :- [email protected], Phone No:- 0180-2569700 Ex.216